| 000 | 00805nam a22002537a 4500 | ||
|---|---|---|---|
| 003 | DO-SdBNP | ||
| 005 | 20240606113433.0 | ||
| 007 | ta | ||
| 008 | 211130b2019 ||||| |||| 00| 0 spa d | ||
| 040 |
_aDO-SdBNP _bspa _cBNPHU _erda |
||
| 082 |
_bF316s _222 |
||
| 100 | 0 |
_aFéliz Franco, Natacha _eautor _975816 |
|
| 245 | 1 | 0 |
_aSemblaza del escritor banilejo Héctor Colombino Perelló / _cNatacha Féliz Franco |
| 264 |
_aSanto Domingo : _bSoto Castillo _c1996 |
||
| 300 |
_a24 paginas. ; _c22 cm |
||
| 336 |
_2rdacontent _atexto _btxt |
||
| 337 |
_2rdamedia _asin mediación _bn |
||
| 338 |
_2rdacarrier _avolumen _bnc |
||
| 590 | _aInventariado, 2024 / DG | ||
| 600 |
_aPerelló Guerrero, Héctor Colombino _xBiografías _980770 |
||
| 650 |
_aAutores dominicanos _91890 |
||
| 910 | _aDG | ||
| 942 |
_2ddc _cLF2 |
||
| 999 |
_c56787 _d56787 |
||